GP Azerbejdżanu F1 - zwycięzcy - Statystyki

Ogólne statystyki
  • Ten quiz został rozwiązany 38 razy
  • Średni wynik to 7 z 7
Statystyki odpowiedzi
Rok Narodowość Zespół Kierowca % Poprawnych
2022 Holandia Red Bull Max Verstappen
100%
2018 Wielka Brytania Mercedes Lewis Hamilton
97%
2024 Australia Mclaren Oscar Piastri
97%
2021 Meksyk Red Bull Sergio Perez
97%
2023 Meksyk Red Bull Sergio Perez
97%
2019 Finlandia Mercedes Valtteri Bottas
97%
2017 Australia Red Bull Daniel Ricciardo
94%
Nie znaleziono quizów pasujących do podanych kryteriów
Rozkład punktacji
Procent ludzi z każdym wynikiem
Percentyl według liczby udzielonych odpowiedzi
Twoja historia wyników
Nie rozwiązałeś tego quizu